000 00380nam a22001457a 4500
999 _c193489
_d193489
008 221101b ||||| |||| 00| 0 eng d
082 _a590-BON
100 _aBOND,RUSKIN
245 _aAMNIMALS YOU CAN'T FORGET
_hENGLISH
260 _aNEW DELHI
_bA.I.C.B
_cROHINI
270 _aA.I.C.B,ROHINI NEW DELHI
300 _a.
_b.
_c12X13
490 _v1
942 _2ddc
_cBRLEN
_k590
_mBON